Alice (Record no. 123910)
[ view plain ]
| 000 -LÍDER | |
|---|---|
| campo de controle de tamanho fixo | 01736 a2200217 4500 |
| 001 - NÚMERO DE CONTROLE | |
| campo de controle | 123910 |
| 020 ## - ISBN - INTERNATIONAL STANDARD BOOK NUMBER | |
| ISBN - International Standard Book Number | 9788571106284 |
| 040 ## - FONTE DA CATALOGAÇÃO | |
| Instituição que transcreveu o registro | Escola Canadense de Niteroi |
| 090 ## - NÚMERO DE CHAMADA LOCAL | |
| Número de chamada (OCLC) (R); Número de chamada, CALL (RLIN) (NR) | CAR |
| 100 ## - ENTRADA PRINCIPAL--NOME PESSOAL | |
| Nome pessoal | Carroll, Lewis |
| 245 10 - TÍTULO | |
| Título | Alice |
| 250 ## - EDIÇÃO | |
| Edição | Edição Comentada |
| 260 ## - PUBLICAÇÃO, DISTRIBUIÇÃO, ETC. | |
| Local de publicação, distribuição, etc. | Rio de Janeiro |
| 300 ## - DESCRIÇÃO FÍSICA | |
| Extensão | 303 p. |
| Outros detalhes físicos | il. |
| 362 0# - DATAS DE PUBLICAÇÃO E/OU DESIGNAÇÃO SEQUENCIAL | |
| Datas de publicação e/ou designação sequencial | 2002 |
| 520 ## - NOTA DE RESUMO, ETC | |
| Resumo, etc. | O leitor brasileiro tem agora a edição definitiva e consagrada de "Aventuras de Alice no País das Maravilhas" e "Através do Espelho", com suas ilustrações originais, obras-primas de Lewis Carroll que não podem faltar nas bibliotecas, escolas e, naturalmente, em sua casa. As notas de Martin Gardner - um dos maiores especialistas em Carroll - dão sentido a passagens nunca antes elucidadas, esclarecendo trocadilhos de época, enigmas lógicos e referências à vida pessoal do autor, além de tornarem possível uma tradução mais próxima da versão original. Uma revolução nas interpretações das histórias de Alice, proporcionando a crianças e adultos do século XXI o caminho perfeito para penetrar no País das Maravilhas e no mundo invertido do Espelho. Cortem a cabeça de quem ficar de fora desta! O livro traz ainda: além de todas as ilustrações originais de John Tenniel, também esboços recém-descobertos; introdução situando "Alice no País das Maravilhas" e "Através do Espelho" no contexto da Inglaterra vitoriana; bibliografia da obra de Lewis Carroll, enriquecida com edições em português; filmografia, com todos os filmes já produzidos sobre Alice; episódio inédito de "Através do Espelho": "O Marimbondo de Peruca". |
| 650 #4 - ASSUNTO--TERMO TÓPICO | |
| Cabeçalho tópico ou nome geográfico | Imaginação |
| 650 #4 - ASSUNTO--TERMO TÓPICO | |
| Cabeçalho tópico ou nome geográfico | Fantasia |
| 650 #4 - ASSUNTO--TERMO TÓPICO | |
| Cabeçalho tópico ou nome geográfico | Literatura para Jovem Adulto |
| 942 ## - ELEMENTOS DE ENTRADA ADICIONADOS (KOHA) | |
| Tipo de material Koha | Livros |
| Situação do descarte | Situação das perdas | Situação física | Não pode ser emprestado | Biblioteca de origem | Biblioteca atual | Data de aquisição | Total de empréstimos | Número de chamada completo | Código de barras | Data de último acesso | Data do preço efetivo | Tipo de material Koha |
|---|---|---|---|---|---|---|---|---|---|---|---|---|
| Canadian School of Niterói - Itacoatiara | Canadian School of Niterói - Itacoatiara | 09/02/2024 | CAR | A25048 | 09/02/2024 | 09/02/2024 | Livros |